000 00243nam a2200097Ia 4500
001 1250343
005 20251031150854.0
008 251031s9999 xx 000 0 und d
245 0 _cİSKENDER PALA
_aC-4 AKŞAM YILDIZI
260 _bKAPI YAYINLARI
999 _c1250343
_d1250343